000 01141nam a2200313 a 4500
001 8756
003 BD-RjUL
005 20211208234638.0
008 140119s19561948nyua 001 0 eng d
020 _a0470179198
035 _a(BD-RjUL)8801
_aCURL 020000157561(Edi) from wsc098
040 _aDLC
_cMNU
_dBD-RjUL
_beng
041 _aeng
082 0 0 _a533.6
_bCOS 1956
100 1 _aCourant, Richard,
_d1888-1972.
_920979
245 1 0 _aSupersonic flow and shock waves /
_cR. Courant and K. O. Friedrichs.
260 _aNew York ;
_aLondon :
_bInterscience Publishers,
_c1948 [Printing 1956].
300 _axvi, 464 p. :
_bill. ;
_c24 cm.
490 1 _aPure and applied mathematics ;
_vv.1
500 _a"Originates from a report issued in 1944 under the auspices of the Office of Scientific Research and Development."
504 _aIncludes index.
650 0 _aAerodynamics, Supersonic.
_927234
830 0 _vv. 1
_927238
700 1 _aFriedrichs, K. O.
_q(Kurt Otto),
_d1901-1983
_927236
830 0 _aPure and applied mathematics (Interscience Publishers) ;
_927239
942 _2ddc
_cBK
999 _c8756
_d8756